000 00541nam a22001817a 4500
003 dpl
005 20180807105142.0
008 180729b xxu||||| |||| 00| 0 eng d
020 _a8124602514
_c950.0
035 _aB-160689, B-160689
040 _aDPL
_bEN
_c0
082 _a230.8
100 _aMishra, Nihar Ranjan
245 _aKamakhaya: A Social-Cultural Study/
_cby Nihar Ranjan Mishra
260 _aNew Delhi
_bDK Publication pvt ltd
_c2004
300 _axv,220p:
_bill;
_c22cm(hbk)
942 _2ddc
_cEN
_h230.8
_mMIS
999 _c155089
_d155089